01769nam a2200241Ia 4500001000600000003000900006008004100015040001300056040001300069041001300082100002000095100002900115245007100144245007100215250001100286260001100297260001800308260004900326300005500375500104200430650002401472650003101496G8480IT-RoPAU130308s9999 xx 000 0 und d aIT-RoPAU cIT-RoPAU aITALIANO aBonafin Massimo gCodice Aut. SPICS: 47117 aContesti della parodia. Semiotica, antropologia, cultura medievale bContesti della Parodia. Semiotica, Antropologia, Cultura Medievale a1a ed. aTORINO bUtet Libreria c2001 [1° Ed.:2001 - Ed.Ling.Originale:2001] a"234 p. (prefazione: 6; testo: 228 [pagine: 0-0])" a"Concetto e Storia della Parodia: prime Definizioni; parodia e Storia Letteraria Europea; Parodia, Comicità e Riso; Dialettica della Parodia; Ironia,Satira e Parodia. Teoria Dialogica della Parodia: Bachtin e la Parodia; Dialogismo della Parola; paradosso Testuale; Varietà e Dialogismo della Parodia; parodia e Storia dei Generi; Pragmatica della Comunicazione Parodica; Contesto Folklorico. Carnevale, Antropologia e Semiotica della Cultura: Cultura del Carnevale; Bachtin e Lotman. parodia e Cultura Medievale: codici in Contatto; Parodie Mediolatine; Teoria e Prassi della Comicita'; Aspetti della parodia Romanza. Il ""Trickster"" e la Parodia: Trubert; Fra Letteraturae Folklore; Modelli Letterari; parodia Religiosa e satira del Villano; un Archetipo Culturale: Il Trickster; Modelli Sociali; Trubert Carnevalesco. parodia e Scatologia: L'Osceno ""Audigier""; Codice Epico Cavalleresco; Modelli Antropologici. Appendice: Modelli di Cultura Popolare; Denaro, Ideologia Trifunzionale e Letteratura Carnevalizzata. Bibliografia." aSAGGI DI SEMIOLOGIA eCodice materia Spics: 3257